Entrega de una imagen de la Virgen de la Merced al Ecuador
Publicado:
San Jorge, núm. 79 - 80 (3r i 4rt trimestre 1970), pàg 26 - 39 :
MARC
| LEADER | 00000nam a2200000Ia 4500 | ||
|---|---|---|---|
| 008 | 160829s9999 xx 000 0 cat d | ||
| 245 | |a Entrega de una imagen de la Virgen de la Merced al Ecuador | ||
| 260 | |a San Jorge, núm. 79 - 80 (3r i 4rt trimestre 1970), pàg 26 - 39 | ||
| 600 | 0 | |9 28922 |a Muller i d'Abadal, Josep M., |d 1919-1981 | |
| 650 | |a Mercè, Mare de Déu de la |x Culte |9 40705 | ||
| 650 | 0 | |a Imatges i ídols |x Adoració |9 40706 | |
| 650 | 0 | |a Benedicció |9 40390 | |
| 650 | |a Donacions |x Equador |9 40708 | ||
| 650 | |a Urquijo y Olano, Ignacio |x Discursos |9 40709 | ||
| 650 | |a Velasco Ibarra, J. M. |9 40710 | ||
| 650 | 0 | |a Discursos castellans |9 54360 | |
| 901 | |a Arxiu | ||
| 942 | |n 1 |2 udc | ||
| 952 | |0 0 |1 0 |4 0 |7 1 |9 49863 |a Arxiu |b Arxiu |d 2016-12-01 |l 0 |r 2016-12-01 00:00:00 |w 2016-12-01 |y ARXIU | ||
| 999 | |c 53705 |d 53705 | ||